[Event "Agosto de Victorias op"]
[Site "Mayabeque"]
[Date "2018.08.06"]
[Round "5"]
[White "Diaz Hernandez, Juan Yandy"]
[Black "Gomez Almeida, Frank Luis"]
[Result "1-0"]
[WhiteElo "1971"]
[BlackElo "1797"]
[PlyCount "63"]
[EventDate "2018.08.04"]
[EventType "swiss"]
[EventRounds "9"]
[EventCountry "CUB"]
[SourceTitle "EXT 2021"]
[Source "ChessBase"]
[SourceDate "2020.10.23"]
[SourceVersion "1"]
[SourceVersionDate "2020.10.23"]
[SourceQuality "1"]

1. d4 Nf6 2. c4 c5 3. d5 e6 4. Nc3 exd5 5. cxd5 d6 6. e4 g6 7. f4 Qe7 8. Nf3 Bg7 9. Bd3 0-0 10. 0-0 Bg4 11. h3 Bxf3 12. Qxf3 a6 13. a4 Re8 14. Bd2 Qc7 15. Bc4 Nbd7 16. a5 b5 17. axb6 Qxb6 18. Na4 Qc7 19. Rfe1 Qb8 20. Ra3 Re7 21. Rae3 Qe8 22. Bc3 Nh5 23. Bxg7 Kxg7 24. b3 Kg8 25. g4 Nhf6 26. Qe2 Qf8 27. e5 Rae8 28. Qf2 dxe5 29. d6 Re6 30. Bxe6 Rxe6 31. fxe5 Nd5 32. Re4 1-0

[Event "Agosto de Victorias op"]
[Site "Mayabeque"]
[Date "2018.08.04"]
[Round "1"]
[White "Gutierrez Espinosa, Karen"]
[Black "Gomez Almeida, Frank Luis"]
[Result "1/2-1/2"]
[WhiteElo "2061"]
[BlackElo "1797"]
[PlyCount "94"]
[EventDate "2018.08.04"]
[EventType "swiss"]
[EventRounds "9"]
[EventCountry "CUB"]
[SourceTitle "EXT 2021"]
[Source "ChessBase"]
[SourceDate "2020.10.23"]
[SourceVersion "1"]
[SourceVersionDate "2020.10.23"]
[SourceQuality "1"]

1. e4 c5 2. Nf3 d6 3. d4 cxd4 4. Nxd4 Nf6 5. Nc3 a6 6. Bc4 e6 7. Bb3 b5 8. 0-0 Be7 9. Qf3 Qc7 10. Qg3 Nc6 11. Nxc6 Qxc6 12. Re1 Bb7 13. f3 0-0 14. Be3 Rac8 15. Rad1 Kh8 16. Kh1 Qc7 17. Ne2 d5 18. Bf4 Qc5 19. exd5 Bxd5 20. Nc3 Bxb3 21. cxb3 Rfd8 22. Be3 Qf5 23. Bd4 Bd6 24. Qh4 Be7 25. Qf2 b4 26. Na4 Rc2 27. Re2 Rdc8 28. g4 Qg6 29. Nc3 Rxe2 30. Nxe2 h6 31. Qg3 Nd5 32. f4 Qe4+ 33. Qg2 Qxg2+ 34. Kxg2 Rc2 35. Kf3 Bf6 36. f5 exf5 37. gxf5 Bxd4 38. Rxd4 Ne7 39. Rxb4 Rxb2 40. Nd4 Rxa2 41. Rb7 Nd5 42. Rxf7 Rxh2 43. Ne6 Rh3+ 44. Ke4 Nf6+ 45. Ke5 Re3+ 46. Kd6 Rd3+ 47. Ke5 Re3+ 1/2-1/2

[Event "CUB Province-chT Schools 54th"]
[Site "Santa Clara"]
[Date "2018.07.14"]
[Round "3.6"]
[White "Gomez Almeida, Frank Luis"]
[Black "Torres Valiente, Brayan"]
[Result "0-1"]
[WhiteElo "1880"]
[BlackElo "1866"]
[PlyCount "112"]
[EventDate "2018.07.13"]
[EventType "team-swiss"]
[EventRounds "9"]
[EventCountry "CUB"]
[SourceTitle "CBM 195 Extra"]
[Source "ChessBase"]
[SourceDate "2020.05.31"]
[SourceVersion "1"]
[SourceVersionDate "2020.05.31"]
[SourceQuality "1"]
[WhiteTeam "Mayabeque"]
[BlackTeam "Santiago de Cuba"]
[WhiteTeamCountry "CUB"]
[BlackTeamCountry "CUB"]

1. e4 c5 2. Nf3 g6 3. d4 Bg7 4. Nc3 cxd4 5. Nxd4 Nc6 6. Be3 Nf6 7. Bc4 Qa5 8. Nxc6 dxc6 9. 0-0 0-0 10. f3 b5 11. Bb3 Rd8 12. Qe1 Ba6 13. Ne2 Qc7 14. Qf2 b4 15. a3 Ne8 16. axb4 Bxe2 17. Qxe2 Bxb2 18. Ra2 Bd4 19. Bxd4 Rxd4 20. c3 Rdd8 21. Rfa1 Nd6 22. Ra6 Nb5 23. Qc4 Qf4 24. Rxc6 Nd6 25. Qc5 a6 26. Rf1 Qd2 27. Bd5 Rac8 28. Qd4 Qxd4+ 29. cxd4 e6 30. Rxc8 Rxc8 31. e5 Nf5 32. Bb7 Rb8 33. Bxa6 Rxb4 34. Rd1 Nxd4 35. Rd2 Nc6 36. Re2 Rf4 37. Bb7 Rc4 38. Bxc6 Rxc6 39. Kf2 Kg7 40. f4 Rc4 41. Kf3 g5 42. g3 Kg6 43. Re4 g4+ 44. Ke3 Rc2 45. Ra4 Rxh2 46. Ra8 Kg7 47. Rd8 Rg2 48. Ke4 Rxg3 49. f5 exf5+ 50. Kxf5 h5 51. Kg5 Rh3 52. Rd7 g3 53. Rd1 h4 54. Kg4 Rh2 55. Rg1 g2 56. Kf3 h3 0-1

[Event "Artemisa Inder Anivers"]
[Site "Artemisa"]
[Date "2018.02.20"]
[Round "1.3"]
[White "Torres Morales, Yordan"]
[Black "Gomez Almeida, Frank Luis"]
[Result "1-0"]
[WhiteElo "1883"]
[BlackElo "1880"]
[PlyCount "95"]
[EventDate "2018.02.20"]
[EventType "team-tourn"]
[EventRounds "10"]
[EventCountry "CUB"]
[SourceTitle "EXT 2021"]
[Source "ChessBase"]
[SourceDate "2020.10.23"]
[SourceVersion "1"]
[SourceVersionDate "2020.10.23"]
[SourceQuality "1"]
[WhiteTeam "Isla de la Juventud"]
[BlackTeam "Mayabeque"]
[WhiteTeamCountry "CUB"]
[BlackTeamCountry "CUB"]

1. e4 c5 2. Nf3 d6 3. Bb5+ Nd7 4. d4 cxd4 5. Qxd4 e5 6. Qd3 a6 7. Bxd7+ Bxd7 8. c4 h6 9. 0-0 Nf6 10. Nc3 Qc7 11. b3 Be7 12. Rd1 0-0 13. Nd2 Rad8 14. Nf1 Bc6 15. Ne3 Rfe8 16. Nf5 Bf8 17. f3 Kh7 18. a4 g6 19. Ne3 a5 20. Kh1 Qb6 21. Rb1 Rc8 22. Ned5 Nxd5 23. Nxd5 Bxd5 24. Qxd5 Re6 25. Ba3 Qa6 26. Rbc1 Rc6 27. Qb5 Rb6 28. Qd7 Kg7 29. Rc3 Rc6 30. h4 Qb6 31. Rd2 Be7 32. g3 Bf8 33. Kg2 h5 34. Rd5 Re7 35. Qh3 Re6 36. Rcd3 Be7 37. Rb5 Qa7 38. Bc1 Bd8 39. Qh1 Bb6 40. Bd2 Rc5 41. Rd5 Rxb5 42. Rxb5 Re8 43. Qe1 Ra8 44. Bc3 Bc7 45. Qd2 Kg8 46. Qh6 Bb6 47. Rxe5 Be3 48. Re8+ 1-0

[Event "Camaguey 504 Anniv Escolar"]
[Site "Camaguey"]
[Date "2018.??.??"]
[Round "2.1"]
[White "Gomez Almeida, Frank Luis"]
[Black "Rodriguez Basulto, Reyson Ricardo"]
[Result "1/2-1/2"]
[WhiteElo "1880"]
[BlackElo "1911"]
[PlyCount "58"]
[EventDate "2018.02.01"]
[EventType "team-tourn"]
[EventRounds "7"]
[EventCountry "CUB"]
[SourceTitle "EXT 2021"]
[Source "ChessBase"]
[SourceDate "2020.10.23"]
[SourceVersion "1"]
[SourceVersionDate "2020.10.23"]
[SourceQuality "1"]

1. e4 c5 2. Nf3 d6 3. d4 cxd4 4. Nxd4 Nf6 5. Nc3 a6 6. f4 e6 7. g4 b5 8. Qf3 Bb7 9. a3 Nc6 10. Nxc6 Bxc6 11. Bd3 Be7 12. h4 d5 13. e5 Ne4 14. Nxe4 dxe4 15. Bxe4 Bxh4+ 16. Ke2 Bxe4 17. Qxe4 Rc8 18. g5 Rc4 19. Qd3 Qa8 20. Rh2 Re4+ 21. Be3 Bg3 22. Rd1 0-0 23. Rxh7 Rd4 24. Rxg7+ Kxg7 25. Qxd4 Rc8 26. c3 Rc4 27. Qd2 Qg2+ 28. Kd3 Qe4+ 29. Ke2 Qg2+ 1/2-1/2

[Event "CUB School-chT"]
[Site "Santa Clara"]
[Date "2017.07.13"]
[Round "2.1"]
[White "Gomez Almeida, Frank Luis"]
[Black "Ramos Silvera, Roberto Alejandro"]
[Result "1/2-1/2"]
[WhiteElo "1838"]
[BlackElo "1900"]
[PlyCount "51"]
[EventDate "2017.07.13"]
[EventType "team-swiss"]
[EventRounds "9"]
[EventCountry "CUB"]
[SourceTitle "EXT 2023"]
[Source "ChessBase"]
[SourceDate "2022.10.05"]
[SourceVersion "1"]
[SourceVersionDate "2022.10.05"]
[SourceQuality "1"]

1. e4 c5 2. Nf3 d6 3. d4 cxd4 4. Nxd4 Nf6 5. Nc3 Nc6 6. Be2 e5 7. Nb3 Be6 8. Be3 a5 9. a4 Be7 10. 0-0 0-0 11. Bf3 Nb4 12. Qe2 Qc7 13. Rfd1 Bc4 14. Qd2 Rfd8 15. Rac1 d5 16. exd5 Nbxd5 17. Nxd5 Nxd5 18. Qe1 f5 19. Bd2 b6 20. Be2 e4 21. Nd4 Bxe2 22. Qxe2 Nf4 23. Bxf4 Qxf4 24. g3 Qe5 25. Qc4+ Qd5 26. Qc7 1/2-1/2

[Event "Camaguey 503 op"]
[Site "Camaguey"]
[Date "2017.02.04"]
[Round "6.3"]
[White "Perez Marimon, Jorge De Jesus"]
[Black "Gomez Almeida, Frank Luis"]
[Result "1-0"]
[WhiteElo "1948"]
[BlackElo "1838"]
[PlyCount "49"]
[EventDate "2017.02.01"]
[EventType "swiss"]
[EventRounds "9"]
[EventCountry "CUB"]
[SourceTitle "EXT 2023"]
[Source "ChessBase"]
[SourceDate "2022.10.05"]
[SourceVersion "1"]
[SourceVersionDate "2022.10.05"]
[SourceQuality "1"]

1. e4 c5 2. Nf3 d6 3. d4 cxd4 4. Nxd4 Nf6 5. Nc3 a6 6. Be3 e6 7. f3 b5 8. Qd2 Nbd7 9. g4 h6 10. 0-0-0 Bb7 11. h4 b4 12. Na4 Qa5 13. b3 Rc8 14. Bh3 Nc5 15. g5 Nfd7 16. g6 Be7 17. gxf7+ Kxf7 18. Rhg1 Nf8 19. Nxc5 dxc5 20. Nxe6 Qa3+ 21. Kb1 Bf6 22. Rxg7+ Bxg7 23. Nxg7 Rc6 24. Qd8 Ne6 25. Rd7+ 1-0